Stagione di debutto in Serie A per squadra - Quiz n°1 - Statistics

Statistiche generali
  • Questo quiz è stato fatto 8 volte
  • Il punteggio medio è 4 su 9
Statistiche sulle risposte
Hint Risposta % Corretto
Casale 1930-1931
86%
Crotone 2016-2017
71%
Catanzaro 1971-1972
43%
Ancona 1992-1993
43%
Udinese 1950-1951
29%
Messina 1963-1964
29%
Perugia 1975-1976
29%
Novara 1936-1937
14%
Vicenza 1942-1943
14%
Nessun quiz corrispondente trovato
Distribuzione punteggi
Percentuale di utenti per punteggio
Percentile per numero di risposta
I tuoi punteggi nel tempo
Non hai fatto questo quiz